000 00960nas a2200265 i 4500
003 DO-SdUA
005 20260311095956.0
007 ta
008 260311e1992 dr m p|r || | spa d
040 _aDO-SdUA
_bspa
_cDO-SdBNP
_erda
041 0 _aspa
245 0 0 _aRevista ADEFU :
_bórgano de la Asociación Pro-Desarrollo de Villa Fundación.
264 _aBaní, República Dominicana :
_bADEFU,
_c1992-.
300 _avolumen :
_bilustraciones, fotografías ;
_c27 cm.
310 _amensual.
336 _atexto
_btxt
_2rdacontent
337 _asin mediación
_bn
_2rdamedia
338 _avolumen
_bnc
_2rdacarrier
362 _aNo. 4. febrero 1992.
500 _aCatalogación basada en el: No. 4. febrero 1992.
500 _aEs Gratuita.
651 7 _aVilla Fundación (Ciudades y pueblos)
_vPublicaciones periódicas
_zRepública Dominicana
_2lemb
_989177
710 2 _aAsociación Pro-Desarrollo de Villa Fundación
_989178
942 _2ddc
_cISSUE
999 _c60482
_d60482